000
00138nam a22000857a 4500
082
_a
823
100
_a
MADAV
245
_a
FRIENDS
942
_c
BK
999
_c
8173
_d
8173